000 00615nam a2200181Ia 4500
008 090630s9999 xx 000 0 und d
082 _b2197
100 _aदेवळे श. रा.
245 _aत्यागी समाज सुधारक.
_cदेवळे श. रा.
260 _bनितीन.
_c1973
300 _a88
600 _aदेवळे श. रा.
630 _aत्यागी समाज सुधारक.
655 _aचरित्र.
700 _aदेवळे श. रा.
730 _aत्यागी समाज सुधारक.
942 _cBOOK
999 _c254053
_d254053